000 00982nam a2200205Ia 4500
001 11478
003 GE_BSU
008 181216s||||||||xx |||||||||||||| ||und||
040 _cGE_BSU
080 _a633.72:631.82
100 _aგოლეთიანი,გ.
245 _aმინერალური სასუქების გავლენა ჩაის პლანტაციის ნიადაგის თვისებებსა და მოსავლიანობაზე.
245 _cრედ:დ.ფაილოძე.
260 _aთბილისი.
260 _bსაბჭოთა საქართველო.
260 _c1960.
300 _a150გვ;20სმ.
653 _aმინერალური სასუქების გავლენა ჩაის პლანტაციის ნიადაგის თვისებებსა და მოსავლიანობაზე.
942 _cBK
999 _c44675
_d44675